La vida del Lazarillo de Tormes y de sus fortunas y adversidades /
Presents the text of the classic novel in which young rogue Lazaro recounts his adventures and describes how he outwits his series of masters, with modernized spelling, an explanatory introduction, notes, and activities.
| Other Authors: | |
|---|---|
| Format: | Electronic eBook |
| Language: | Spanish |
| Published: |
Barcelona : Capital Federal, Buenos Aires (Argentina) :
Castalia Ediciones ; Edhasa,
[2012]
Barcelona : Capital Federal, Buenos Aires (Argentina) : [2013] |
| Series: | Clásicos Castalia ;
58. |
| Subjects: | |
| Online Access: | Digitalia Hispánica |
MARC
| LEADER | 00000cam a2200000Ii 4500 | ||
|---|---|---|---|
| 001 | DIGCAST0022 | ||
| 003 | NyNyDIG | ||
| 008 | 130309s2012 sp ob 000 f spa d | ||
| 006 | m o d | ||
| 007 | cr ||||||||||| | ||
| 040 | |a DGITA |b eng |e rda |e pn |c DGITA | ||
| 020 | |a 9788497405324 |q (eBook) | ||
| 020 | |a 8497405323 |q (eBook) | ||
| 020 | |z 9788497404440 | ||
| 020 | |z 8497404440 | ||
| 035 | |a (OCoLC)829461263 | ||
| 043 | |a e-sp--- | ||
| 050 | 4 | |a PQ6407 ebook | |
| 082 | 0 | 4 | |a 863.3 |
| 130 | 0 | |a Lazarillo de Tormes. | |
| 245 | 1 | 3 | |a La vida del Lazarillo de Tormes y de sus fortunas y adversidades / |c edición, introducción y notas de Alberto Blecua. |
| 264 | 1 | |3 eBook |a Barcelona : |b Castalia Ediciones ; |a Capital Federal, Buenos Aires (Argentina) : |b Edhasa, |c [2012] | |
| 264 | 1 | |3 ePub |a Barcelona : |b Castalia Ediciones ; |a Capital Federal, Buenos Aires (Argentina) : |b Edhasa, |c [2013] | |
| 264 | 4 | |c ©2012 | |
| 300 | |a 1 online resource. | ||
| 336 | |a text |b txt |2 rdacontent | ||
| 337 | |a computer |b c |2 rdamedia | ||
| 338 | |a online resource |b cr |2 rdacarrier | ||
| 347 | |a text file |2 rdaft | ||
| 347 | |b PDF | ||
| 347 | |b EPUB | ||
| 490 | 1 | |a Clásicos Castalia ; |v 58 | |
| 504 | |a Includes bibliographical references. | ||
| 520 | |a Presents the text of the classic novel in which young rogue Lazaro recounts his adventures and describes how he outwits his series of masters, with modernized spelling, an explanatory introduction, notes, and activities. | ||
| 588 | 0 | |a Online resource; title from ePub title page (Digitalia, viewed April 15, 2018). | |
| 630 | 0 | 0 | |a Lazarillo de Tormes. |
| 651 | 0 | |a Spain |x Social life and customs |y 16th century |v Fiction. | |
| 655 | 7 | |a Picaresque fiction. |2 lcgft | |
| 655 | 0 | |a Electronic books. | |
| 700 | 1 | |a Blecua, Alberto, |e editor. | |
| 791 | 2 | |a Digitalia (Firm), |e distributor. | |
| 793 | 0 | |g Digitalia eBook Collection: |a Editorial Castalia | |
| 776 | 0 | 8 | |i Print version: |a Lazarillo de Tormes. |t Vida del Lazarillo de Tormes y de sus fortunas y adversidades. |d Madrid : Castalia ; Barcelona : Edhasa, [2011] |z 9788497404440 |
| 830 | 0 | |a Clásicos Castalia ; |v 58. | |
| 856 | 4 | 0 | |3 Digitalia Hispánica |u https://www.digitaliapublishing.com/a/31006/ |
| 910 | |a Premium collection: 2017 | ||


